000 00472nam a22001817a 4500
003 NUST - PNEC
005 20170116181151.0
008 151124b xxu||||| |||| 00| 0 eng d
020 _a9780719564475
040 _cLIBRARY
082 _a958 HOP
100 _915413
_aHopkirk, Peter
245 _aThe great game : on secret service in high Asia
_cPeter,Hopkirk
250 _a-
260 _cc 2006
650 _915414
_aGreat Britain
_xPN Book Club
942 _2ddc
_cBK
999 _c70945
_d70945